| 000 | 01040nam a2200277Ia 4500 | ||
|---|---|---|---|
| 003 | OSt | ||
| 005 | 20221005105737.0 | ||
| 006 | a|||||r|||| 00| 0 | ||
| 007 | ta | ||
| 008 | 221004b |||||||| |||| 00| 0 san d | ||
| 020 |
_a9789389043334 (hbk) _cINR 600.00 |
||
| 024 | _a66201 | ||
| 037 |
_b278, 13/01/2020, Eastern Book Linkers _cTextual |
||
| 040 |
_aCRL _cCRL _bsan |
||
| 041 |
_2san _asan |
||
| 082 | _aO15,1N66x, 152Q9 | ||
| 100 | _aमिश्र, निरन्जन, ले. | ||
| 245 | 0 | _aमिश्र - मौक्तिकम् | |
| 246 | _aMishra - mauktikam | ||
| 260 |
_aनई दिल्ली _bसत्यम् पब्लिशिंग हाउस भारत _c2019 |
||
| 300 |
_a160पृ0 _ccm. |
||
| 650 | _a संस्कृत साहित्य | ||
| 650 | _aसंस्कृत कविता | ||
| 942 |
_hO15,1N66x, 152Q9 _cTEXL _2cc |
||
| 999 |
_c1016770 _d1016770 |
||